ՀՀ Գիտությունների ազգային ակադեմիայի հիմնարար գիտական գրադարան  =   Fundamental Scientific Library of NAS RA

Հր. Քոչարի լեզվական արվեստը / (Record no. 540522)

MARC details
000 -LEADER
fixed length control field 00902nam a2200217 a 4500
001 - CONTROL NUMBER
control field 435859
003 - CONTROL NUMBER IDENTIFIER
control field AM-YEHGA
005 - DATE AND TIME OF LATEST TRANSACTION
control field 20260409100340.0
008 - FIXED-LENGTH DATA ELEMENTS--GENERAL INFORMATION
fixed length control field 061019s1948 ai r 000 0 arm d
040 ## - CATALOGING SOURCE
Original cataloging agency AM-YEHGA
041 0# - LANGUAGE CODE
Language code of text/sound track or separate title arm
100 1# - MAIN ENTRY--PERSONAL NAME
Personal name Գրիգորյան, Ահարոն Վաղարշակի
9 (RLIN) 436
245 10 - TITLE STATEMENT
Title Հր. Քոչարի լեզվական արվեստը /
Statement of responsibility, etc. Ահ. Գրիգորյան ; Հայկական ՍՍՌ Գիտությունների ակադեմիա․
260 ## - PUBLICATION, DISTRIBUTION, ETC.
Place of publication, distribution, etc. Երևան :
Name of publisher, distributor, etc. ՀՍՍՌ ԳԱ,
Date of publication, distribution, etc. 1948.
300 ## - PHYSICAL DESCRIPTION
Extent էջ 25-37
500 ## - GENERAL NOTE
General note Առանձնատիպ՝ ՀՍՍՌ ԳԱ,1948 թ. № 12 «Տեղեկագիր»-ից, էջ՝ 25-37։
600 14 - SUBJECT ADDED ENTRY--PERSONAL NAME
Personal name Քոչար, Հրաչյա,
Dates associated with a name 1910-1965
9 (RLIN) 1301
650 14 - SUBJECT ADDED ENTRY--TOPICAL TERM
Topical term or geographic name entry element Գրականագիտություն
General subdivision Հայ գրողներ
710 2# - ADDED ENTRY--CORPORATE NAME
Corporate name or jurisdiction name as entry element Հայկական ՍՍՌ Գիտությունների ակադեմիա
942 ## - ADDED ENTRY ELEMENTS (KOHA)
Source of classification or shelving scheme Universal Decimal Classification
Koha item type Գրքեր / Books
Holdings
Withdrawn status Lost status Source of classification or shelving scheme Damaged status Not for loan Collection Home library Current library Date acquired Total checkouts Full call number Barcode Date last seen Price effective from Koha item type Public note
    Universal Decimal Classification     Gharibyan individual Collection Fundamental Scientific Library Fundamental Scientific Library 26/01/2026   Ղար/681 FL0702888 26/01/2026 26/01/2026 Գրքեր / Books ILL Non-Circ.


ՀՀ ԳԱԱ հիմնարար գիտական գրադարան
ՀՀ,Երևան 0019
Մարշալ Բաղրամյան 24/6
հեռախոս:(374-10) 52-47-50
Հետադարձ կապ

All site content, except where otherwise noted, is licensed under a
Creative Commons License